000 00282nam a22001337a 4500
008 170907b xxu||||| |||| 00| 0 eng d
020 _a9780671749590
041 _aeng
080 _a72
100 _a41
101 _aARK
245 _aTHE WRIGHT STYLE
_cLIND, C
942 _2udc
_cBK
999 _c26507
_d26507